[Event "V4Liptov2018"]
[Site "?"]
[Date "2018.06.23"]
[Round "2.29"]
[White "Postanogov, Dmitrii"]
[Black "Galuszka, Tomasz"]
[Result "1/2-1/2"]
[BlackElo "1991"]
[WhiteElo "1743"]
[LiveChessVersion "1.4.8"]

1. e4 {[%clk 1:00:57]} c6 {[%clk 1:00:53]} 2. d4 {[%clk 1:01:23]} d5
{[%clk 1:01:19]} 3. Nc3 {[%clk 1:01:48]} dxe4 {[%clk 1:01:45]} 4. Nxe4
{[%clk 1:02:14]} Bf5 {[%clk 1:02:08]} 5. Ng3 {[%clk 1:02:38]} Bg6
{[%clk 1:02:33]} 6. N1e2 {[%clk 1:03:02]} e6 {[%clk 1:02:29]} 7. Nf4
{[%clk 1:03:26]} Bd6 {[%clk 1:02:51]} 8. c3 {[%clk 1:03:42]} Qc7 {[%clk 1:02:27]}
9. Qf3 {[%clk 1:04:03]} Nf6 {[%clk 1:00:58]} 10. h4 {[%clk 1:04:20]} Nbd7
{[%clk 0:59:39]} 11. h5 {[%clk 1:03:52]} Bc2 {[%clk 0:59:07]} 12. h6
{[%clk 1:03:35]} g6 {[%clk 0:58:29]} 13. Bd3 {[%clk 1:02:45]} Bxd3
{[%clk 0:58:51]} 14. Nxd3 {[%clk 1:03:09]} Be7 {[%clk 0:50:08]} 15. Bf4
{[%clk 0:49:13]} Qb6 {[%clk 0:50:09]} 16. Ne4 {[%clk 0:43:18]} Nxe4
{[%clk 0:50:34]} 17. Qxe4 {[%clk 0:43:41]} O-O {[%clk 0:40:32]} 18. O-O
{[%clk 0:40:57]} Rae8 {[%clk 0:36:40]} 19. Ne5 {[%clk 0:26:55]} Qd8
{[%clk 0:35:52]} 20. Rad1 {[%clk 0:22:39]} Nf6 {[%clk 0:33:47]} 21. Qe2
{[%clk 0:22:26]} Nd5 {[%clk 0:33:26]} 22. Bc1 {[%clk 0:22:34]} f6
{[%clk 0:32:48]} 23. Nd3 {[%clk 0:19:52]} Qd7 {[%clk 0:32:12]} 24. Rfe1
{[%clk 0:18:25]} Nc7 {[%clk 0:32:19]} 25. Bf4 {[%clk 0:14:58]} Bd6
{[%clk 0:31:02]} 26. Nc5 {[%clk 0:12:50]} Bxc5 {[%clk 0:31:24]} 27. dxc5
{[%clk 0:13:17]} Qc8 {[%clk 0:31:31]} 28. Bxc7 {[%clk 0:12:20]} Qxc7
{[%clk 0:31:49]} 29. Qc4 {[%clk 0:12:44]} Qf7 {[%clk 0:31:54]} 30. Rd6
{[%clk 0:12:16]} e5 {[%clk 0:32:01]} 31. Qa4 {[%clk 0:12:06]} a6 {[%clk 0:31:58]}
32. Red1 {[%clk 0:12:29]} Re7 {[%clk 0:29:07]} 33. Qa5 {[%clk 0:10:35]} Rfe8
{[%clk 0:27:37]} 34. Qb4 {[%clk 0:09:59]} f5 {[%clk 0:23:03]} 35. a4
{[%clk 0:10:03]} Rf8 {[%clk 0:17:17]} 36. Qb6 {[%clk 0:09:06]} f4
{[%clk 0:16:30]} 37. Rd8 {[%clk 0:08:48]} Rfe8 {[%clk 0:15:47]} 38. Rxe8+
{[%clk 0:08:10]} Rxe8 {[%clk 0:16:11]} 39. Rd8 {[%clk 0:08:35]} Kf8
{[%clk 0:16:32]} 40. Rxe8+ {[%clk 0:08:06]} Kxe8 {[%clk 0:16:57]} 41. Qa7
{[%clk 0:08:00]} Qe7 {[%clk 0:16:04]} 42. Qb8+ {[%clk 0:08:18]} Kf7
{[%clk 0:16:26]} 43. Qh8 {[%clk 0:08:39]} Ke6 {[%clk 0:16:49]} 44. Qg8+
{[%clk 0:09:02]} Qf7 {[%clk 0:14:13]} 45. Qc8+ {[%clk 0:09:16]} Kf6
{[%clk 0:14:24]} 46. Qh8+ {[%clk 0:09:38]} Kf5 {[%clk 0:13:43]} 47. Qg7
{[%clk 0:09:42]} Ke6 {[%clk 0:14:07]} 48. Qh8 {[%clk 0:10:08]} g5
{[%clk 0:13:48]} 49. Qc8+ {[%clk 0:10:29]} Kf6 {[%clk 0:13:43]} 50. Qh8+
{[%clk 0:10:45]} Kg6 {[%clk 0:13:41]} 51. Qxe5 {[%clk 0:11:08]} Kxh6
{[%clk 0:14:04]} 52. Qd6+ {[%clk 0:09:54]} Kh5 {[%clk 0:13:44]} 53. Qd1+
{[%clk 0:10:01]} g4 {[%clk 0:12:43]} 54. Qd3 {[%clk 0:08:18]} Kg5
{[%clk 0:10:16]} 55. Qd8+ {[%clk 0:08:22]} Kh5 {[%clk 0:07:52]} 56. Qd3
{[%clk 0:06:52]} f3 {[%clk 0:07:08]} 57. g3 {[%clk 0:05:25]} h6 {[%clk 0:04:09]}
58. Qe4 {[%clk 0:03:34]} Kg5 {[%clk 0:03:33]} 59. Qe5+ {[%clk 0:03:42]} Kg6
{[%clk 0:01:18]} 1/2-1/2

[Event "V4Liptov2018"]
[Site "?"]
[Date "2018.06.23"]
[Round "2.30"]
[White "Sulkowski, Dawid"]
[Black "Sorokin, Artem"]
[Result "0-1"]
[BlackElo "1592"]
[WhiteElo "1501"]
[LiveChessVersion "1.4.8"]

1. e4 {[%clk 1:00:58]} c5 {[%clk 1:00:55]} 2. Nf3 {[%clk 1:01:21]} Nc6
{[%clk 1:01:21]} 3. d4 {[%clk 1:01:42]} cxd4 {[%clk 1:01:47]} 4. Nxd4
{[%clk 1:02:08]} Nf6 {[%clk 1:02:12]} 5. Nc3 {[%clk 1:02:33]} e5 {[%clk 1:02:39]}
6. Ndb5 {[%clk 1:02:53]} d6 {[%clk 1:03:04]} 7. Bg5 {[%clk 1:02:24]} a6
{[%clk 1:03:21]} 8. Na3 {[%clk 1:02:46]} b5 {[%clk 1:03:44]} 9. Bxf6
{[%clk 0:59:35]} Qxf6 {[%clk 1:03:13]} 10. Nd5 {[%clk 0:59:56]} Qd8
{[%clk 1:03:39]} 11. Bd3 {[%clk 0:59:01]} Be6 {[%clk 0:59:15]} 12. c3
{[%clk 0:58:03]} Be7 {[%clk 0:52:59]} 13. O-O {[%clk 0:55:41]} O-O
{[%clk 0:46:46]} 14. Nc2 {[%clk 0:52:04]} Rb8 {[%clk 0:43:01]} 15. Nce3
{[%clk 0:47:04]} Bg5 {[%clk 0:41:37]} 16. Qf3 {[%clk 0:40:55]} Bxe3
{[%clk 0:29:33]} 17. Nxe3 {[%clk 0:37:18]} Ne7 {[%clk 0:28:18]} 18. Rfd1
{[%clk 0:34:46]} Qd7 {[%clk 0:27:58]} 19. Rd2 {[%clk 0:32:56]} Ng6
{[%clk 0:26:52]} 20. Nd5 {[%clk 0:28:26]} Kh8 {[%clk 0:20:29]} 21. Qg3
{[%clk 0:25:35]} Bxd5 {[%clk 0:16:28]} 22. exd5 {[%clk 0:25:56]} Nf4
{[%clk 0:16:51]} 23. Bc2 {[%clk 0:22:53]} f5 {[%clk 0:17:06]} 24. a3
{[%clk 0:21:46]} Rf6 {[%clk 0:16:51]} 25. Qe3 {[%clk 0:20:29]} Qf7
{[%clk 0:15:50]} 26. Bb3 {[%clk 0:17:05]} Rh6 {[%clk 0:14:24]} 27. g3
{[%clk 0:11:16]} Nh5 {[%clk 0:11:00]} 28. Re1 {[%clk 0:08:05]} Nf6
{[%clk 0:10:55]} 29. Qg5 {[%clk 0:04:18]} Rh5 {[%clk 0:09:11]} 30. Qe3
{[%clk 0:03:45]} Ng4 {[%clk 0:09:33]} 31. Qd3 {[%clk 0:03:27]} Nxh2
{[%clk 0:06:30]} 32. Bd1 {[%clk 0:01:27]} Ng4 {[%clk 0:06:05]} 33. Bxg4
{[%clk 0:01:16]} fxg4 {[%clk 0:06:31]} 34. Re4 {[%clk 0:00:48]} Qf5
{[%clk 0:05:02]} 35. Qe2 {[%clk 0:01:07]} Rg5 {[%clk 0:05:16]} 36. Rdd4
{[%clk 0:00:51]} Rf8 {[%clk 0:04:57]} 37. Rd2 {[%clk 0:00:47]} Rg6
{[%clk 0:05:14]} 38. Re3 {[%clk 0:00:45]} Rh6 {[%clk 0:05:20]} 39. Qf1
{[%clk 0:01:04]} Rh3 {[%clk 0:05:21]} 40. Qg2 {[%clk 0:01:13]} Qb1+
{[%clk 0:05:47]} 0-1

[Event "V4Liptov2018"]
[Site "?"]
[Date "2018.06.23"]
[Round "2.31"]
[White "Vorobieva, Varvara"]
[Black "Adamczyk, Zuzanna"]
[Result "1/2-1/2"]
[BlackElo "1750"]
[WhiteElo "1604"]
[LiveChessVersion "1.4.8"]

1. e4 {[%clk 1:00:57]} c5 {[%clk 1:00:48]} 2. c3 {[%clk 1:01:23]} Nf6
{[%clk 1:00:56]} 3. e5 {[%clk 1:01:42]} Nd5 {[%clk 1:01:03]} 4. d4
{[%clk 1:02:07]} cxd4 {[%clk 1:01:16]} 5. cxd4 {[%clk 1:02:31]} e6
{[%clk 1:01:06]} 6. Nf3 {[%clk 1:01:09]} Nc6 {[%clk 1:00:54]} 7. Bc4
{[%clk 0:59:00]} Be7 {[%clk 0:58:45]} 8. O-O {[%clk 0:58:12]} O-O
{[%clk 0:56:41]} 9. Bxd5 {[%clk 0:56:37]} exd5 {[%clk 0:55:19]} 10. Nc3
{[%clk 0:56:21]} d6 {[%clk 0:45:35]} 11. Nxd5 {[%clk 0:50:21]} Bg4
{[%clk 0:41:24]} 12. Nxe7+ {[%clk 0:42:04]} Qxe7 {[%clk 0:40:55]} 13. exd6
{[%clk 0:41:55]} Qxd6 {[%clk 0:40:26]} 14. Be3 {[%clk 0:41:19]} Rfd8
{[%clk 0:36:56]} 15. h3 {[%clk 0:38:37]} Bxf3 {[%clk 0:32:25]} 16. Qxf3
{[%clk 0:38:58]} Qb4 {[%clk 0:29:41]} 17. Rfd1 {[%clk 0:32:17]} Qxb2
{[%clk 0:23:22]} 18. Rab1 {[%clk 0:31:17]} Qxa2 {[%clk 0:21:04]} 19. Rxb7
{[%clk 0:30:59]} Qd5 {[%clk 0:20:35]} 20. Qxd5 {[%clk 0:31:08]} Rxd5
{[%clk 0:21:03]} 21. Rc7 {[%clk 0:31:20]} Nb4 {[%clk 0:16:45]} 22. Ra1
{[%clk 0:29:24]} a5 {[%clk 0:15:12]} 23. Bd2 {[%clk 0:27:06]} Rf8
{[%clk 0:05:37]} 24. Bxb4 {[%clk 0:21:53]} axb4 {[%clk 0:06:04]} 25. Rb7
{[%clk 0:22:10]} Rxd4 {[%clk 0:05:50]} 26. Rb1 {[%clk 0:22:35]} g6
{[%clk 0:05:43]} 27. R7xb4 {[%clk 0:22:42]} Rd2 {[%clk 0:05:11]} 28. R4b2
{[%clk 0:22:05]} Rfd8 {[%clk 0:05:30]} 29. Rxd2 {[%clk 0:21:58]} Rxd2
{[%clk 0:05:57]} 30. g3 {[%clk 0:22:22]} Kg7 {[%clk 0:05:53]} 31. Kg2
{[%clk 0:22:44]} Rd3 {[%clk 0:05:51]} 32. Rb6 {[%clk 0:22:53]} h5
{[%clk 0:05:05]} 33. h4 {[%clk 0:23:12]} Rc3 {[%clk 0:05:05]} 34. Ra6
{[%clk 0:23:31]} Rd3 {[%clk 0:05:07]} 35. Rb6 {[%clk 0:23:53]} Rc3
{[%clk 0:05:12]} 36. Ra6 {[%clk 0:24:18]} Rd3 {[%clk 0:05:39]} 37. Rb6
{[%clk 0:24:43]} Rc3 {[%clk 0:06:02]} 38. Ra6 {[%clk 0:25:09]} Rd3
{[%clk 0:06:28]} 39. Rb6 {[%clk 0:25:31]} Rc3 {[%clk 0:06:45]} 1/2-1/2

[Event "V4Liptov2018"]
[Site "?"]
[Date "2018.06.23"]
[Round "2.32"]
[White "Zniszczol, Wiktoria"]
[Black "Usarova, Evita"]
[Result "1-0"]
[BlackElo "1589"]
[WhiteElo "1546"]
[LiveChessVersion "1.4.8"]

1. e4 {[%clk 1:00:57]} e5 {[%clk 1:00:56]} 2. Nf3 {[%clk 1:01:14]} Nc6
{[%clk 1:01:15]} 3. Nc3 {[%clk 1:01:32]} Nf6 {[%clk 1:01:34]} 4. d4
{[%clk 1:01:41]} exd4 {[%clk 1:01:56]} 5. Nxd4 {[%clk 1:01:59]} Bb4
{[%clk 1:02:11]} 6. Nxc6 {[%clk 1:00:53]} bxc6 {[%clk 1:02:31]} 7. Bd3
{[%clk 0:59:52]} d5 {[%clk 1:02:44]} 8. exd5 {[%clk 0:58:30]} cxd5
{[%clk 1:03:06]} 9. O-O {[%clk 0:58:51]} O-O {[%clk 1:03:32]} 10. Bg5
{[%clk 0:58:25]} Be6 {[%clk 1:03:48]} 11. Qf3 {[%clk 0:58:26]} Be7
{[%clk 1:03:53]} 12. h3 {[%clk 0:57:56]} c5 {[%clk 0:59:34]} 13. Ne2
{[%clk 0:50:12]} Qd7 {[%clk 0:33:56]} 14. Ng3 {[%clk 0:47:56]} h6
{[%clk 0:30:22]} 15. Bxf6 {[%clk 0:48:08]} Bxf6 {[%clk 0:30:44]} 16. c3
{[%clk 0:47:11]} Rab8 {[%clk 0:28:38]} 17. Rab1 {[%clk 0:46:18]} Rfd8
{[%clk 0:24:41]} 18. Bf5 {[%clk 0:44:05]} Bxf5 {[%clk 0:24:44]} 19. Nxf5
{[%clk 0:44:10]} Qe6 {[%clk 0:20:08]} 20. Rfe1 {[%clk 0:42:40]} Qb6
{[%clk 0:19:40]} 21. Ne7+ {[%clk 0:40:55]} Bxe7 {[%clk 0:16:49]} 22. Rxe7
{[%clk 0:41:19]} Qg6 {[%clk 0:16:36]} 23. Rbe1 {[%clk 0:40:03]} d4
{[%clk 0:14:47]} 24. b3 {[%clk 0:26:55]} a6 {[%clk 0:14:28]} 25. R1e4
{[%clk 0:25:20]} d3 {[%clk 0:13:12]} 26. Qd1 {[%clk 0:24:19]} Qf6
{[%clk 0:08:08]} 27. Qd2 {[%clk 0:20:53]} Qg5 {[%clk 0:04:09]} 28. Re3
{[%clk 0:18:17]} Rbc8 {[%clk 0:02:59]} 29. R7e5 {[%clk 0:17:28]} Qf6
{[%clk 0:03:01]} 30. c4 {[%clk 0:14:55]} Qg6 {[%clk 0:02:08]} 31. Rd5
{[%clk 0:14:19]} Rxd5 {[%clk 0:00:50]} 32. cxd5 {[%clk 0:14:43]} Rd8
{[%clk 0:00:49]} 33. Rxd3 {[%clk 0:12:38]} Kf8 {[%clk 0:00:58]} 34. Rc3
{[%clk 0:11:38]} Qd6 {[%clk 0:01:07]} 35. Qc2 {[%clk 0:10:47]} Re8
{[%clk 0:00:41]} 36. Qd2 {[%clk 0:10:32]} Rd8 {[%clk 0:00:37]} 37. Rd3
{[%clk 0:06:47]} Re8 {[%clk 0:00:44]} 38. Qa5 {[%clk 0:06:23]} Re2
{[%clk 0:00:35]} 39. Kf1 {[%clk 0:06:01]} Re5 {[%clk 0:00:47]} 40. Qd2
{[%clk 0:05:47]} Re8 {[%clk 0:00:40]} 41. g3 {[%clk 0:04:56]} Re7
{[%clk 0:00:43]} 42. Qc1 {[%clk 0:04:09]} Re5 {[%clk 0:00:37]} 43. Qc4
{[%clk 0:03:19]} Re8 {[%clk 0:00:45]} 44. Rc3 {[%clk 0:03:12]} Rc8
{[%clk 0:01:02]} 45. b4 {[%clk 0:02:59]} Rd8 {[%clk 0:00:36]} 46. Qxc5
{[%clk 0:03:09]} Qxc5 {[%clk 0:00:33]} 47. Rxc5 {[%clk 0:03:33]} Ke7
{[%clk 0:00:58]} 48. Ke2 {[%clk 0:03:30]} Rb8 {[%clk 0:01:06]} 49. a3
{[%clk 0:03:49]} Kd6 {[%clk 0:00:40]} 50. Kd3 {[%clk 0:02:48]} Re8
{[%clk 0:00:58]} 51. Rc6+ {[%clk 0:02:46]} Kxd5 {[%clk 0:01:17]} 52. Rxa6
{[%clk 0:03:05]} Re1 {[%clk 0:01:36]} 53. Ra5+ {[%clk 0:02:37]} Kc6
{[%clk 0:01:58]} 54. Kd2 {[%clk 0:02:20]} Ra1 {[%clk 0:02:11]} 55. a4
{[%clk 0:01:46]} 1-0